[Event "FRA-chT U20 1112"]
[Site "France"]
[Date "2011.12.19"]
[Round "7.8"]
[White "Lefebvre, Matthieu"]
[Black "Legros, Aymeric"]
[Result "0-1"]
[WhiteElo "1460"]
[BlackElo "1510"]
[PlyCount "100"]
[EventDate "2011.12.03"]
[EventType "team-swiss"]
[EventRounds "7"]
[EventCountry "FRA"]
[SourceTitle "EXT 2013"]
[Source "ChessBase"]
[SourceDate "2012.11.22"]
[SourceVersion "1"]
[SourceVersionDate "2012.11.22"]
[SourceQuality "1"]

1. e4 e5 2. Nf3 Nc6 3. Nc3 Nf6 4. Bc4 Nxe4 5. Nxe4 d5 6. Bxd5 Qxd5 7. Nc3 Qd8 8. d3 Bc5 9. 0-0 0-0 10. Re1 Re8 11. Ne4 Bb6 12. Be3 Bg4 13. Bxb6 axb6 14. h3 Bh5 15. Ng3 Bg6 16. h4 f5 17. h5 Bf7 18. h6 f4 19. Ne4 g6 20. Nfg5 Bxa2 21. b3 Nb4 22. c3 Nxd3 23. Nf3 Nxe1 24. Nxe1 Qxd1 25. Rxd1 Bxb3 26. Rb1 Ba2 27. Rb2 Re6 28. Nc2 Bd5 29. Ng5 Rf6 30. Nb4 Ra1+ 31. Kh2 Bc4 32. Rd2 Rd6 33. Rc2 Rdd1 34. Kh3 Bd3 35. Rb2 Rh1+ 36. Kg4 Bf5+ 37. Kf3 Ra3 38. Rd2 Ra8 39. Nd5 Rxh6 40. Ne7+ Kf8 41. Nxf5 gxf5 42. Rd7 Rc6 43. Nxh7+ Ke8 44. Rg7 Rxc3+ 45. Ke2 Ra2+ 46. Kd1 Rd3+ 47. Kc1 Kd8 48. Rg8+ Kd7 49. Nf6+ Ke6 50. Nh5 Kd5 0-1

[Event "FRA-chT U20 1112"]
[Site "France"]
[Date "2011.12.17"]
[Round "4"]
[White "Legros, Aymeric"]
[Black "Beneteau Desmoulieres, Elian"]
[Result "0-1"]
[WhiteElo "1510"]
[BlackElo "1280"]
[PlyCount "98"]
[EventDate "2011.12.03"]
[EventType "team-swiss"]
[EventRounds "7"]
[EventCountry "FRA"]
[SourceTitle "EXT 2013"]
[Source "ChessBase"]
[SourceDate "2012.11.22"]
[SourceVersion "1"]
[SourceVersionDate "2012.11.22"]
[SourceQuality "1"]

1. e4 c5 2. Nf3 e6 3. d3 Nc6 4. Nbd2 Nf6 5. g3 Be7 6. Bg2 0-0 7. 0-0 d5 8. Re1 c4 9. e5 Nd7 10. dxc4 f6 11. cxd5 exd5 12. e6 Nc5 13. Qe2 Qd6 14. Bh3 f5 15. g4 g6 16. gxf5 gxf5 17. Ne5 Nxe5 18. Qxe5 Qxe5 19. Rxe5 Bxe6 20. b4 Bf6 21. Bxf5 Bxf5 22. Rxf5 Bxa1 23. bxc5 Rxf5 24. h4 Bd4 25. Nb3 Bxf2+ 26. Kg2 Bxh4 27. Kh3 Bg5 28. Kg4 Rf7 29. Kxg5 Rg7+ 30. Kf6 h5 31. Bh6 Rg1 32. Ke5 Kh7 33. Be3 Re1 34. Kd4 Re8 35. Bd2 R1e5 36. Na5 b6 37. cxb6 axb6 38. Nc6 Rf5 39. Ne5 Rexe5 40. Bf4 Re4+ 41. Kd3 Rexf4 42. Kc3 h4 43. Kb3 h3 44. c4 h2 45. cxd5 Rxd5 46. a4 h1Q 47. a5 Rd3+ 48. Kc2 Qd1+ 49. Kb2 Rf2# 0-1

[Event "FRA-chT U20 16 GP Haute 1011"]
[Site "France"]
[Date "2011.06.12"]
[Round "9"]
[White "Legros, Aymeric"]
[Black "Burri, Quentin"]
[Result "0-1"]
[WhiteElo "1350"]
[BlackElo "1671"]
[PlyCount "78"]
[EventDate "2010.06.20"]
[EventType "team-tourn"]
[EventRounds "11"]
[EventCountry "FRA"]
[SourceTitle "EXT 2015"]
[Source "ChessBase"]
[SourceDate "2014.11.20"]
[SourceVersion "1"]
[SourceVersionDate "2014.11.20"]
[SourceQuality "1"]
[WhiteTeam "Creteil (U20)"]
[BlackTeam "Mulhouse Philidor (U20)"]
[WhiteTeamCountry "FRA"]
[BlackTeamCountry "FRA"]

1. e4 c5 2. Nf3 d6 3. d4 cxd4 4. Qxd4 Nc6 5. Bb5 Bd7 6. Bxc6 Bxc6 7. Nc3 Nf6 8. Bg5 e6 9. 0-0-0 Be7 10. Rhe1 0-0 11. e5 dxe5 12. Qh4 Qb6 13. Nxe5 Rad8 14. Rxd8 Rxd8 15. Qf4 Qd4 16. Nxc6 Qxf4+ 17. Bxf4 bxc6 18. Bg5 Rd4 19. Be3 Rd7 20. Rd1 Rxd1+ 21. Kxd1 a6 22. Kd2 Bb4 23. a3 Bxc3+ 24. Kxc3 Kf8 25. Kc4 Ke7 26. Kc5 Kd7 27. Kb6 Nd5+ 28. Kxa6 Nxe3 29. fxe3 f5 30. Kb7 g5 31. g3 e5 32. a4 f4 33. a5 fxe3 34. a6 e2 35. a7 e1Q 36. a8Q Qb4+ 37. Ka6 Qa4+ 38. Kb7 Qxa8+ 39. Kxa8 e4 0-1